| 000 | 01094nam0a2200277 4500 | ||
|---|---|---|---|
| 001 | RU\NLR\bibl\1300598 | ||
| 005 | 20260405174455.0 | ||
| 010 |
_a978-5-903381-13-5 _95000 |
||
| 021 |
_aRU _b2008-77044 _94456 |
||
| 035 | _a(NLR Aleph) 001286190 | ||
| 090 |
_a530248 _c530248 |
||
| 100 | _a20081201d2008 |||y0rusy50 ca | ||
| 101 | 0 | _arus | |
| 102 | _aRU | ||
| 105 | _aa ||||||||| | ||
| 200 | 1 |
_aЦарь-Камень-Шунгит _eславянская оздоровительная гимнастика, или Философия здоровья _fЛюбовь Друбецкая-Лада |
|
| 210 |
_aМосква _cРоса _d2008 |
||
| 215 |
_a169, [1] c. _cил. _d21 |
||
| 606 | 1 |
_aШунгит _jПопулярные издания _xЛечебное применение _92154601 _3RU\NLR\auth\661297215 |
|
| 686 | _aР358.9я9 | ||
| 700 | 1 |
_4070 _8rus _7ca _aДрубецкая-Лада _bЛ. А. _gЛюбовь Александровна _3RU\NLR\auth\7775712 _958640 |
|
| 801 | 0 |
_aRU _bNLR _c20081201 _gRCR |
|
| 801 | 1 |
_aRU _bNLR _c20081201 |
|
| 942 | _cBOOK | ||
| 980 | _aNB | ||